00894nam a2200217 a 450000100060000000300080000600500170001400800410003103500190007204000350009104100080012608200310013410000270016524501830019226000790037530000370045450200850049150400340057665000350061070000310064581978BD-RjUL20231108125356.0230924s2014 |||a|||| m||| 00| 0 eng d a(BD-RjUL)81978 aBD-RjULbengcBD-RjULdBD-RjUL aeng 223bSND 2014a371.33095492 aSnigha, Shayla Sharmin10aDeveloping English Language Teaching Materials to Promote Intercultural Communicative Competence of Learners in Bangladesh /cShayla Sharmin Snigha ;6Supervisor : M. Shahidullah aRajshahi :bInstitute of Bangladesh Studies, University of Rajshahi,c2014 axv, 331 Leaves :bill, ;c29 cm. aThesis (Ph. D.) -- Institute of Bangladesh Studies, University of Rajshahi, 2014 aBibliography : Leaves 307-316 aTeaching MaterialszBangladesh aShahidullah, M. Supervisor